|
|
|
|
| LEADER |
01619nam a22003017a 4500 |
| 001 |
34927 |
| 003 |
BD-DhAAL |
| 005 |
20190801125857.0 |
| 008 |
190725r20162008ii 000 1 ben d |
| 999 |
|
|
|c 40997
|d 40997
|
| 020 |
|
|
|a 8172939663
|
| 040 |
|
|
|a DB-DhAAL
|
| 041 |
0 |
|
|a ben
|
| 082 |
0 |
0 |
|a 891.4436
|2 23
|
| 100 |
1 |
|
|a বন্দ্যোপাধ্যায়, বিভূতিভূষণ
|9 25475
|
| 245 |
1 |
0 |
|a অপুর সংসার সমগ্র /
|c বিভূতিভূষণ বন্দ্যোপাধ্যায়, তারাদাস বন্দ্যোপাধ্যায়.
|
| 246 |
|
|
|a Opur sansar samagra
|
| 260 |
|
|
|a কলকাতা :
|b মিত্র ও ঘোষ পাবলিশার্স,
|c c২০০৮ [মুদ্রণ ২০১৬]
|
| 300 |
|
|
|a ৭১২ পৃৃষ্ঠা ;
|c ২৫ সে.মি.
|
| 500 |
|
|
|a Novel.
|
| 526 |
|
|
|a Residential Campus
|
| 541 |
|
|
|a Development Book Agency
|e 34927, 35022
|
| 650 |
|
|
|a Bengali fiction.
|9 33150
|
| 700 |
|
|
|a বন্দ্যোপাধ্যায়, তারাদাস
|9 33151
|
| 852 |
1 |
|
|a Savar Campus Library
|c General Stacks
|
| 942 |
|
|
|2 ddc
|c BK
|
| 952 |
|
|
|0 0
|1 0
|2 ddc
|4 0
|6 891_443600000000000_BAN
|7 0
|8 FIC
|9 65773
|a BRACUL
|b BRACUL
|c GEN
|d 2019-07-17
|e Development Book Agency
|g 1240.00
|l 8
|m 82
|o 891.4436 BAN
|p 3010035022
|q 2025-10-08
|r 2024-01-31
|s 2024-01-31
|t 2
|v 1240.00
|w 2019-07-17
|y BK
|
| 952 |
|
|
|0 0
|1 0
|2 ddc
|4 0
|6 891_443600000000000_BAN
|7 0
|8 FIC
|9 65873
|a SCL
|b SCL
|c GEN
|d 2019-07-24
|e Development Book Agency
|g 1240.00
|l 13
|m 15
|o 891.4436 BAN
|p 3020034927
|r 2026-02-18
|s 2026-02-03
|t 1
|v 1240.00
|w 2019-07-24
|y BK
|